F für Fälschung, K für Kitsch oder L für Literatur? Zu Binjamin Wilkomirskis 'autobiographischem' Roman "Bruchstücke"
| Titel: | F für Fälschung, K für Kitsch oder L für Literatur? Zu Binjamin Wilkomirskis 'autobiographischem' Roman "Bruchstücke" |
|---|---|
| Verfasser: | |
| In: |
Überleben schreiben, (2002), Seite 179-200 alle Artikel anzeigen |
| Veröffentlicht: | 2002 |
| Format: | Aufsatz |
| Sprache: | Deutsch |
X
alg: 39257002 001A $01999:11-11-16 001B $01999:21-05-21 $t16:51:24.000 001D $01999:11-11-16 001U $0utf8 001X $00 002@ $0Aox 003@ $0392570025 007A $0392570025 $aHEB 007T $0Herdc0014782m 010@ $ager 011@ $a2002 021A $aF für Fälschung, K für Kitsch oder L für Literatur? Zu Binjamin Wilkomirskis 'autobiographischem' Roman "Bruchstücke" 028A $aBannasch $dBettina 031A $h179-200 $j2002 039B $aIn $8--Aau--. Überleben schreiben. - Würzburg : Königshausen & Neumann, 2002. - 218 S.. - ISBN 3-8260-2219-X $x200200000000000821 $9103643702 045F $a800 $eDDC23BSB 045F/01 $a800 045F/03 $g438 lok: 39257002 78 exp: 39257002 78 1 #EPN 201B/01 $019-04-17 $t11:22:37.000 201U/01 $0utf8 203@/01 $0788668080 208@/01 $a11-11-16 $be 209A/01 $a/ $f000 $x00 220C/01 $aTitelaufnehmer: wr;ha 244Z/01 $2Trx $#Poola $#Lenkija $#Polija $#Polen Land $#Poland $#Lengyelország $#Poľsko $#Polsko $8--Trx--Polska$gkraj $x01 $9391345966 244Z/01 $aGeschichte 1965-1999 $x02 244Z/01 $2Trx $#Dossekker, Bruno $#Grosjean, Bruno $8--Trx--Wilkomirski, Binjamin$Z1941- $x03 $9390848697 244Z/01 $2Trx $#kirjandus, Poola $#literatūra, lenkų $#Literature, Polish $#irodalom, lengyel $#literatura polska $#literatúra poľská $#literatura polská $8--Trx--Literatur, polnische $x04 $9391369008 244Z/01 $2Trx $#autobiograafiad $#autobiografijos $#Autobiographies $#önéletrajzok $#autobiografie $#autobiografie $#autobiografie $#životopisy $#životopisy $8--Trx--Autobiographien $x05 $939136247X 244Z/01 $2Trx $#lapsed ja noorukid $#vaikai ir jaunimas $#children and adolescents $#gyerekek és fiatalok $#dzieci i młodzież $#deti a mládež $#děti a mládež $#Jugendliche $#młodzież $#mládež $8--Trx--Kinder und Jugendliche $x06 $9391375822 244Z/01 $2Trx $#kontsetratsioonilaagrid 1933-1945 $#koncentracijos stovyklos 1933-1945 $#concentration camps 1933-1945 $#koncentrációs táborok 1933-1945 $#obozy koncentracyjne 1933-1945 $#tábory koncentračné 1933-1945 $#tábory koncentrační 1933-1945 $#Vernichtungslager $#obozy zagłady $#tábory vyhladzovacie $8--Trx--Konzentrationslager$g1933-1945 $x07 $9391374737 244Z/01 $2Trx $#Holokaust 1941-1945 $#Holokaustas 1941-1945 $#Holocaust 1941-1945 $#holocaust 1941-1945 $#holokaust 1941-1945 $#holokaust 1941-1945 $#holokaust 1941-1945 $#Shoah $#Judenvernichtung $#shoah $#shoah $#šoa $8--Trx--Holocaust$g1941-1945 $x08 $9391361090 244Z/01 $2Trx $#võltsingud $#klastojimai $#forgeries $#meghamisítások $#fałszerstwa $#falšovanie $#padělání $8--Trx--Fälschungen $x09 $939135759X 244Z/01 $2Trx $8--Trx--Einzelbeiträge $x10 $9391384570 245Z/01 $a11.08 $x01 247C/01 $82080>Marburg/Lahn, Herder-Institut, Forschungsbibliothek, Bibliographieportal $9336309341
| LEADER | 00000caa a22000002c 4500 | ||
|---|---|---|---|
| 001 | 392570025 | ||
| 003 | DE-603 | ||
| 005 | 20210521165124.0 | ||
| 007 | tu | ||
| 008 | 161111s2002 xx |||| | u00||u|ger c | ||
| 035 | |a (DE-599)HEB392570025 | ||
| 040 | |a DE-603 |b ger |c DE-603 |d DE-603 | ||
| 041 | |a ger | ||
| 082 | 0 | 4 | |8 1\u |a 800 |q DE-101 |2 23/BSB |
| 085 | |8 1\u |b 800 | ||
| 085 | |8 1\u |z 2 |s 438 | ||
| 100 | 1 | |a Bannasch, Bettina | |
| 245 | 0 | 0 | |a F für Fälschung, K für Kitsch oder L für Literatur? Zu Binjamin Wilkomirskis 'autobiographischem' Roman "Bruchstücke" |
| 264 | 0 | |c 2002 | |
| 773 | 0 | 8 | |i In |t Überleben schreiben |d Würzburg : Königshausen & Neumann, 2002 |h 218 S., 23 cm |z 382602219X |g (2002), Seite 179-200 |w (DE-603)103643702 |
| 924 | 0 | |9 2080 |a (DE-603)788668080 |b DE-2080 |c HES |d d |g / | |


